मनोरंजक चुटकुले/ (Record no. 202706)

MARC details
000 -LEADER
fixed length control field 00815 a2200193 4500
005 - DATE AND TIME OF LATEST TRANSACTION
control field 20240802152642.0
010 ## - LCCN (DPL NO)
LC control number B-758964
020 ## - INTERNATIONAL STANDARD BOOK NUMBER
International Standard Book Number 9788190731942
Terms of availability 400.00
035 ## - SYSTEM CONTROL NUMBER
System control number B-758964
037 ## - SOURCE OF ACQUISITION
Source of stock number/acquisition उपहार
082 ## - DEWEY DECIMAL CLASSIFICATION NUMBER
Classification number 808.87
100 ## - MAIN ENTRY--PERSONAL NAME
Personal name अग्रवाल, गौरी
245 ## - TITLE STATEMENT
Title मनोरंजक चुटकुले/
Statement of responsibility, etc गौरी अग्रवाल
260 ## - PUBLICATION, DISTRIBUTION, ETC. (IMPRINT)
Place of publication, distribution, etc मथुरा
Name of publisher, distributor, etc प्रगति प्रकाशन
Date of publication, distribution, etc 2023
270 ## - ADDRESS
Address ट्रांसफार्मर के सामने हालनगंज
City मथुरा
Postal code 281001
300 ## - PHYSICAL DESCRIPTION
Extent 96 पृष्ठ.;
Dimensions 21cm. (साजिल्द)
942 ## - ADDED ENTRY ELEMENTS (KOHA)
Institution code [OBSOLETE] dpl
Item type Children Books
Source of classification or shelving scheme Dewey Decimal Classification
Classification part 808.87
Call number suffix अग्रवा
Holdings
Withdrawn status Lost status Not for loan Collection code Home library Current library Date acquired Source of acquisition Cost, normal purchase price Full call number Barcode Cost, replacement price Koha item type Public note
      Non-fiction Sarojini Nagar Sarojini Nagar 06/05/2024 उपहार /29.4.24 400.00 808.87 अग्रवा B-758964 400.00 Children Books उपहार

© Delhi Public Library
Hit Counter
free hit counter